| 000 | 00658cam a22002054a 4500 | ||
|---|---|---|---|
| 020 | _a9780323052603 | ||
| 020 | _a0323052606 | ||
| 040 | _cDLC | ||
| 082 | 0 | 0 | _a616 SAU 2009 A115 Or. |
| 245 | 0 | 0 |
_aClinical neurotoxicology : _bsyndromes, substances, environments / |
| 260 |
_aPhiladelphia, PA : _bSaunders/Elsevier, _cc2009. |
||
| 300 |
_axxii, 691 p., [15] p. of plates : _bill. (some col.), maps (some col.) ; _c29 cm. |
||
| 500 | _a"Expert consult title"--P. [4] of cover. | ||
| 650 | 0 | _aNeurotoxicology. | |
| 650 | 1 | 2 | _aNeurotoxicity Syndromes. |
| 650 | 2 | 2 | _aNervous System |
| 650 | 2 | 2 | _aNeurotoxins. |
| 700 | 1 | _aDobbs, Michael R. | |
| 942 | _cAEDBB | ||
| 999 |
_c17465 _d17465 |
||